Länder mit dem höchsten Energieverbrauch pro Kopf - Statistiken

Allgemein
  • Dieses Quiz wurde 83 mal gespielt
  • Das Durchschnittsergebnis liegt bei 12 aus 20
Antwortstatistiken
Energieverbrauch pro Kopf Land % Korrekt
78.754 kWh Vereinigte Staaten
96%
102.160 kWh Kanada
88%
96.926 kWh Norwegen
76%
59.927 kWh Schweden
76%
58.966 kWh Finnland
75%
63.459 kWh Australien
72%
165.871 kWh Island
71%
68.126 kWh Südkorea
65%
87.707 kWh Saudi-Arabien
64%
194.222 kWh Katar
61%
148.577 kWh Vereinigte Arabische Emirate
61%
161.111 kWh Bahrain
59%
103.883 kWh Kuwait
59%
147.085 kWh Singapur
57%
60.334 kWh Luxemburg
53%
90.751 kWh Oman
53%
103.268 kWh Brunei
31%
74.324 kWh Malta
27%
71.367 kWh Turkmenistan
7%
107.269 kWh Trinidad und Tobago
4%
Keine übereinstimmenden Quizze gefunden
Verteilung der Resultate
Anzahl Personen mit jedem Resultat
Perzentil nach korrekt beantworteten Fragen
Ihre Resultats-Entwicklung
Sie haben dieses Quiz noch nicht gespielt